Statistics for Anne Hathaway Movies

Click here to take the quiz!

General Stats

  • This quiz has been taken 7,139 times
  • The average score is 9 of 14

Answer Stats

DescriptionMovie% Correct
Girl follows a rabbit to a magical, psychadelic landAlice in Wonderland
92%
Young woman gets a job as the personal assistant to a sadistic fashion editorThe Devil Wears Prada
90%
Awkward teenager learns that she is the princess of GenoviaThe Princess Diaries
87%
Two young cowboys fall in love, but their romance is stifled by a homophobic societyBrokeback Mountain
80%
In 1800s France, an escaped convict becomes a virtuous man, but is
pursued by an merciless inspector
Les Misérables
80%
On one day of the year, romance is everywhere and restaurants are crowdedValentine's Day
63%
Astronauts travel through a wormhole to find a new home for humanityInterstellar
61%
The Caped Crusader faces a masked villain and meets a lithe cat burglarThe Dark Knight Rises
58%
Talking Brazilian macaws must mate to preserve the future of their speciesRio
55%
Best friends become cuthroat rivals when they schedule their weddings
on the same day
Bride Wars
52%
Girl is under a magic spell that forces her to be obedientElla Enchanted
50%
Clumsy spy and his sexy partner must defeat evil KAOS criminalsGet Smart
45%
Charming pharmaceutical rep and Parkinson's patient discover that
love is the best medicine
Love and Other Drugs
37%
A woman is let out of drug rehab for her sister's weddingRachel Getting Married
20%

Score Distribution

Percentile by Number Answered

Percent of People with Each Score

Your Score History

You have not taken this quiz